000 00886nam a2200181Ia 4500
999 _c40611
_d40611
001 7238
003 GE_BSU
005 20230830144529.0
008 181216s2013||||ge |||||||||||||| ||geo||
040 _cGE_BSU
041 _ageo
080 _a340 ს-32
245 _aსაქართველოს იუსტიციის უმაღლესი საბჭოს მონიტორინგის ანგარიში :
_bთებერვალი 2013.
264 _aთბილისი :
_bსაერთაშორისო გამჭვირვალობა-საქართველო,
_c2013.
300 _a25 გვ. :
_bცხრ. ;
_c29 სმ.
653 _aსაქართველოს იუსტიციის უმაღლესი საბჭოს მონიტორინგის ანგარიში
942 _cBK
_2udc